[Event "TUR-ch (Women)"]
[Site "Antalya"]
[Date "2018.03.10"]
[Round "9"]
[White "Dulger, Hatice Gulsum"]
[Black "Atik, Zeynep Zulal"]
[Result "0-1"]
[WhiteElo "1093"]
[BlackElo "1043"]
[PlyCount "114"]
[EventDate "2018.03.05"]
[EventType "swiss"]
[EventRounds "9"]
[EventCountry "TUR"]
[SourceTitle "CBM 183 Extra"]
[Source "ChessBase"]
[SourceDate "2018.04.19"]
[SourceVersion "1"]
[SourceVersionDate "2018.04.19"]
[SourceQuality "1"]

1. c4 e5 2. Nc3 Nf6 3. Nf3 Nc6 4. g3 Bc5 5. Bg2 0-0 6. 0-0 d6 7. d3 h6 8. a3 Bf5 9. e4 Bg4 10. b4 Bxf3 11. Qxf3 Bd4 12. Bb2 a5 13. Nd1 Bxb2 14. Nxb2 axb4 15. axb4 Rxa1 16. Rxa1 Nxb4 17. Qe2 c5 18. h4 Qd7 19. Nd1 b5 20. Ne3 bxc4 21. Nxc4 Rd8 22. Nb6 Qc6 23. Nd5 Nfxd5 24. exd5 Qb5 25. Be4 Na6 26. Qa2 Nc7 27. Qe2 Qb3 28. Qf3 c4 29. dxc4 Qxc4 30. Qf5 g6 31. Qf3 Rb8 32. Kh2 Rb3 33. Qg4 Qd4 34. Qc8+ Kg7 35. Qxc7 Qxe4 36. Qxd6 Qd4 37. Rf1 Rb5 38. Qc6 Rxd5 39. f4 h5 40. fxe5 Qxe5 41. Qb7 Qe2+ 42. Kg1 Qe3+ 43. Rf2 Rd1+ 44. Kg2 Qe6 45. Qc7 Rd7 46. Qf4 f5 47. Kh3 Qe1 48. Kg2 Rd1 49. Rf1 Qxf1+ 50. Qxf1 Rxf1 51. Kxf1 Kf6 52. Kf2 g5 53. Kf3 gxh4 54. gxh4 Ke5 55. Ke3 f4+ 56. Kf3 Kf5 57. Kf2 Ke5 0-1

[Event "TUR-ch (Women)"]
[Site "Antalya"]
[Date "2018.03.09"]
[Round "8"]
[White "Atik, Zeynep Zulal"]
[Black "Kasab, Esragul"]
[Result "0-1"]
[WhiteElo "1043"]
[BlackElo "1277"]
[PlyCount "80"]
[EventDate "2018.03.05"]
[EventType "swiss"]
[EventRounds "9"]
[EventCountry "TUR"]
[SourceTitle "CBM 183 Extra"]
[Source "ChessBase"]
[SourceDate "2018.04.19"]
[SourceVersion "1"]
[SourceVersionDate "2018.04.19"]
[SourceQuality "1"]

1. e4 e5 2. Nf3 Nc6 3. Bc4 Nf6 4. Ng5 d5 5. exd5 Nxd5 6. Qf3 f6 7. Bxd5 Nd4 8. Bf7+ Ke7 9. Qa3+ Qd6 10. Qxd6+ cxd6 11. Nxh7 Nxc2+ 12. Kd1 Nxa1 13. Bc4 Rxh7 14. h3 Rh4 15. Re1 Rxc4 16. Na3 Rc5 17. b4 Rc7 18. Bb2 Be6 19. Bxa1 Rac8 20. Bb2 a6 21. b5 axb5 22. Nxb5 Rc5 23. a4 Bb3+ 24. Ke2 Bxa4 25. Nc3 Bb5+ 26. Nxb5 Rxb5 27. Ba3 Ra8 28. Bc1 Rb1 29. g3 Raa1 30. Ke3 Rxc1 31. Rxc1 Rxc1 32. d4 exd4+ 33. Kxd4 b5 34. f4 b4 35. h4 g6 36. Ke4 b3 37. f5 g5 38. hxg5 fxg5 39. Kf3 b2 40. Kg4 Kf6 0-1